00401nam a2200157Ia 4500003000400000008004100004040001600045082001300061100002200074245003300096260004200129300001000171490002500181650001500206650002200221GCL140319s9999 xx 000 0 eng d aGCL / cGCL04a843bP C1 aPERRAULT, CHARLES10aCONTES / cPERRAULT, CHARLES a[S.N] : bLE LIVRE DE POCHE ، c1994 a152 P aLE LIVRE DE POCHEv004aLITERATURE04aFRENCH LITERATURE